MARC details
| 000 -LEADER |
| fixed length control field |
03294cam a2200625 a 4500 |
| 001 - CONTROL NUMBER |
| control field |
15987165 |
| 003 - CONTROL NUMBER IDENTIFIER |
| control field |
ARRUPE |
| 005 - DATE AND TIME OF LATEST TRANSACTION |
| control field |
20190307101337.0 |
| 008 - FIXED-LENGTH DATA ELEMENTS--GENERAL INFORMATION |
| fixed length control field |
091117s2004 dcuac bc 001 0 eng d |
| 010 ## - LIBRARY OF CONGRESS CONTROL NUMBER |
| LC control number |
2009279828 |
| 015 ## - NATIONAL BIBLIOGRAPHY NUMBER |
| National bibliography number |
GBA470887 |
| Source |
bnb |
| 016 7# - NATIONAL BIBLIOGRAPHIC AGENCY CONTROL NUMBER |
| Record control number |
101226945 |
| Source |
DNLM |
| 016 7# - NATIONAL BIBLIOGRAPHIC AGENCY CONTROL NUMBER |
| Record control number |
013002854 |
| Source |
Uk |
| 020 ## - INTERNATIONAL STANDARD BOOK NUMBER |
| International Standard Book Number |
9780807829165 |
| 020 ## - INTERNATIONAL STANDARD BOOK NUMBER |
| International Standard Book Number |
0807829161 |
| 035 ## - SYSTEM CONTROL NUMBER |
| System control number |
(OCoLC)ocm55944715 |
| 040 ## - CATALOGING SOURCE |
| Original cataloging agency |
NLM |
| Transcribing agency |
NLM |
| Modifying agency |
LHM |
| -- |
UKM |
| -- |
C#P |
| -- |
BAKER |
| -- |
BTCTA |
| -- |
YDXCP |
| -- |
CGC |
| -- |
TTU |
| -- |
KZV |
| -- |
AU@ |
| -- |
SINLB |
| -- |
DLC |
| 042 ## - AUTHENTICATION CODE |
| Authentication code |
nlmcopyc |
| -- |
lccopycat |
| 043 ## - GEOGRAPHIC AREA CODE |
| Geographic area code |
e-gx--- |
| 050 00 - LIBRARY OF CONGRESS CALL NUMBER |
| Classification number |
HQ755.5.G3 |
| Item number |
D43 2004 |
| 060 00 - NATIONAL LIBRARY OF MEDICINE CALL NUMBER |
| Classification number |
2004 J-752 |
| 060 10 - NATIONAL LIBRARY OF MEDICINE CALL NUMBER |
| Classification number |
HQ 755.5.G3 |
| Item number |
D278 2004 |
| 300 ## - PHYSICAL DESCRIPTION |
| Other physical details |
ill., ports. ; |
| Dimensions |
33 cm. |
| 245 00 - TITLE STATEMENT |
| Title |
Deadly medicine : |
| Remainder of title |
creating the master race / |
| Statement of responsibility, etc |
[project director, Susan Bachrach ; editor, Dieter Kuntz]. |
| 260 ## - PUBLICATION, DISTRIBUTION, ETC. (IMPRINT) |
| Place of publication, distribution, etc |
Washington, D.C. : |
| Name of publisher, distributor, etc |
United States Holocaust Memorial Museum ; |
| Place of publication, distribution, etc |
Chapel Hill, NC : |
| Name of publisher, distributor, etc |
Distributed by the University of North Carolina Press, |
| Date of publication, distribution, etc |
c2004. |
| 300 ## - PHYSICAL DESCRIPTION |
| Extent |
xiii, 226 p. : |
| 504 ## - BIBLIOGRAPHY, ETC. NOTE |
| Bibliography, etc |
Includes bibliographical references (p. 215-217) and index. |
| 505 0# - FORMATTED CONTENTS NOTE |
| Formatted contents note |
German eugenics, 1890-1933 / by Sheila Faith Weiss -- International eugenics / by Daniel J. Kevles -- Nazi sterilization and reproductive policies / by Gisela Bock -- The "science of race" / by Benoit Massin -- Nazi "euthanasia" programs / by Michael Burleigh -- From "euthanasia" to the "final solution" / by Henry Friedlander -- Reflections of a German scientist / by Benno Müller-Hill -- Chronology. |
| 650 #0 - SUBJECT ADDED ENTRY--TOPICAL TERM |
| Topical term or geographic name as entry element |
Eugenics |
| Geographic subdivision |
Germany |
| General subdivision |
History |
| Chronological subdivision |
20th century. |
| 9 (RLIN) |
45033 |
| 650 #0 - SUBJECT ADDED ENTRY--TOPICAL TERM |
| Topical term or geographic name as entry element |
Involuntary sterilization |
| Geographic subdivision |
Germany |
| General subdivision |
History |
| Chronological subdivision |
20th century. |
| 9 (RLIN) |
45034 |
| 650 #0 - SUBJECT ADDED ENTRY--TOPICAL TERM |
| Topical term or geographic name as entry element |
Euthanasia |
| Geographic subdivision |
Germany |
| General subdivision |
History |
| Chronological subdivision |
20th century. |
| 9 (RLIN) |
45035 |
| 650 #0 - SUBJECT ADDED ENTRY--TOPICAL TERM |
| Topical term or geographic name as entry element |
National socialism and science. |
| 9 (RLIN) |
45036 |
| 650 #0 - SUBJECT ADDED ENTRY--TOPICAL TERM |
| Topical term or geographic name as entry element |
National socialism and medicine. |
| 9 (RLIN) |
45037 |
| 650 12 - SUBJECT ADDED ENTRY--TOPICAL TERM |
| Topical term or geographic name as entry element |
Eugenics |
| General subdivision |
history |
| Geographic subdivision |
Germany |
| Form subdivision |
Catalogs. |
| 9 (RLIN) |
45038 |
| 650 12 - SUBJECT ADDED ENTRY--TOPICAL TERM |
| Topical term or geographic name as entry element |
Eugenics |
| General subdivision |
history |
| Geographic subdivision |
Germany |
| Form subdivision |
Exhibitions. |
| 9 (RLIN) |
45039 |
| 650 22 - SUBJECT ADDED ENTRY--TOPICAL TERM |
| Topical term or geographic name as entry element |
Continental Population Groups |
| General subdivision |
classification |
| Geographic subdivision |
Germany |
| Form subdivision |
Catalogs. |
| 9 (RLIN) |
45040 |
| 650 22 - SUBJECT ADDED ENTRY--TOPICAL TERM |
| Topical term or geographic name as entry element |
Continental Population Groups |
| General subdivision |
classification |
| Geographic subdivision |
Germany |
| Form subdivision |
Exhibitions. |
| 9 (RLIN) |
45041 |
| 650 22 - SUBJECT ADDED ENTRY--TOPICAL TERM |
| Topical term or geographic name as entry element |
Euthanasia |
| General subdivision |
history |
| Geographic subdivision |
Germany |
| Form subdivision |
Catalogs. |
| 9 (RLIN) |
45042 |
| 650 22 - SUBJECT ADDED ENTRY--TOPICAL TERM |
| Topical term or geographic name as entry element |
Euthanasia |
| General subdivision |
history |
| Geographic subdivision |
Germany |
| Form subdivision |
Exhibitions. |
| 9 (RLIN) |
45043 |
| 650 22 - SUBJECT ADDED ENTRY--TOPICAL TERM |
| Topical term or geographic name as entry element |
History, 20th Century |
| Geographic subdivision |
Germany |
| Form subdivision |
Catalogs. |
| 9 (RLIN) |
45044 |
| 650 22 - SUBJECT ADDED ENTRY--TOPICAL TERM |
| Topical term or geographic name as entry element |
History, 20th Century |
| Geographic subdivision |
Germany |
| Form subdivision |
Exhibitions. |
| 9 (RLIN) |
45045 |
| 650 22 - SUBJECT ADDED ENTRY--TOPICAL TERM |
| Topical term or geographic name as entry element |
National Socialism |
| Geographic subdivision |
Germany |
| Form subdivision |
Catalogs. |
| 9 (RLIN) |
45046 |
| 650 22 - SUBJECT ADDED ENTRY--TOPICAL TERM |
| Topical term or geographic name as entry element |
National Socialism |
| Geographic subdivision |
Germany |
| Form subdivision |
Exhibitions. |
| 9 (RLIN) |
45047 |
| 650 22 - SUBJECT ADDED ENTRY--TOPICAL TERM |
| Topical term or geographic name as entry element |
Sterilization, Involuntary |
| General subdivision |
history |
| Geographic subdivision |
Germany |
| Form subdivision |
Catalogs. |
| 9 (RLIN) |
45048 |
| 650 22 - SUBJECT ADDED ENTRY--TOPICAL TERM |
| Topical term or geographic name as entry element |
Sterilization, Involuntary |
| General subdivision |
history |
| Geographic subdivision |
Germany |
| Form subdivision |
Exhibitions. |
| 9 (RLIN) |
45049 |
| 650 22 - SUBJECT ADDED ENTRY--TOPICAL TERM |
| Topical term or geographic name as entry element |
War Crimes |
| General subdivision |
history |
| Geographic subdivision |
Germany |
| Form subdivision |
Catalogs. |
| 9 (RLIN) |
45050 |
| 650 22 - SUBJECT ADDED ENTRY--TOPICAL TERM |
| Topical term or geographic name as entry element |
War Crimes |
| General subdivision |
history |
| Geographic subdivision |
Germany |
| Form subdivision |
Exhibitions. |
| 9 (RLIN) |
45051 |
| 651 #0 - SUBJECT ADDED ENTRY--GEOGRAPHIC NAME |
| Geographic name |
Germany |
| General subdivision |
History |
| Chronological subdivision |
1933-1945. |
| 9 (RLIN) |
14974 |
| 700 1# - ADDED ENTRY--PERSONAL NAME |
| Personal name |
Bachrach, Susan D., |
| Dates associated with a name |
1948- |
| 9 (RLIN) |
45052 |
| 700 1# - ADDED ENTRY--PERSONAL NAME |
| Personal name |
Kuntz, Dieter. |
| 9 (RLIN) |
45053 |
| 710 2# - ADDED ENTRY--CORPORATE NAME |
| Corporate name or jurisdiction name as entry element |
United States Holocaust Memorial Museum. |
| 9 (RLIN) |
45054 |
| 856 42 - ELECTRONIC LOCATION AND ACCESS |
| Materials specified |
Contributor biographical information |
| Uniform Resource Identifier |
<a href="http://www.loc.gov/catdir/enhancements/fy1004/2009279828-b.html">http://www.loc.gov/catdir/enhancements/fy1004/2009279828-b.html</a> |
| 856 42 - ELECTRONIC LOCATION AND ACCESS |
| Materials specified |
Publisher description |
| Uniform Resource Identifier |
<a href="http://www.loc.gov/catdir/enhancements/fy1004/2009279828-d.html">http://www.loc.gov/catdir/enhancements/fy1004/2009279828-d.html</a> |
| 856 42 - ELECTRONIC LOCATION AND ACCESS |
| Materials specified |
Book review (H-Net) |
| Uniform Resource Identifier |
<a href="http://www.h-net.org/reviews/showrev.php?id=10419">http://www.h-net.org/reviews/showrev.php?id=10419</a> |
| 906 ## - LOCAL DATA ELEMENT F, LDF (RLIN) |
| a |
7 |
| b |
cbc |
| c |
copycat |
| d |
2 |
| e |
ncip |
| f |
20 |
| g |
y-gencatlg |
| 942 ## - ADDED ENTRY ELEMENTS (KOHA) |
| Source of classification or shelving scheme |
Library of Congress Classification |
| Koha item type |
Monograph ( Printed materials) |